000 00487cam a22001457a 4500
008 180718b1985 xxu||||| |||| 00| 0 eng d
082 _aP422x5444 T17
100 _aTata, S. Nayana
245 _aEducation in a rural environment
_cby S. Nayana Tata
260 _aDelhi
_bAshish
_c1985
300 _a143p.
500 _aPublished for Institute for Social and Economic Change, Bangalore
650 _aEducation, Rural - Karnataka - India
650 _aEducation, Primary - Karnataka - India
999 _c355264
_d355264